00531nam a2200205 a 450000100060000000300090000600800410001502000150005604000280007108200090009910000270010824500090013526000390014430000100018349000190019365000410021265000430025394200120029699900170030817668CO-ViMGA141112s2004 ck r 000 u spa d a9580442223 aCO-ViMGAbspacCO-ViMGA04aCABt1 aCabal, Graciela92506910aToby aBarcelona (España), cNorma.1998 a58.p. aTorre de papel14aCUENTOS INFANTILES ARGENTINOS91631314aTOLERANCIA - CUENTOS INFANTILES925070 2ddccBK c27156d27156